Statistics for Can you beat Hermione Granger? Harry Potter Logic Puzzle

Click here to take the quiz!

General Stats

  • This quiz has been taken 5,256 times
  • The average score is 12 of 15

Answer Stats

Answer% Correct
Ron
97%
Percy
91%
Neville
86%
Oliver
84%
McGonagall
84%
Draco
83%
Ginny
83%
Hedwig
81%
Hermione
80%
Snape
80%
Dumbledore
78%
Cedric
75%
Cho
75%
Lupin
75%
Flitwick
73%

Score Distribution

Percentile by Number Answered

Percent of People with Each Score

Your Score History

You have not taken this quiz